LEADER 01378nam--2200409---450- 001 990000471510203316 005 20090610113841.0 010 $a88-387-1230-1 035 $a0047151 035 $aUSA010047151 035 $a(ALEPH)000047151USA01 035 $a0047151 100 $a20010525d1998----km-y0itay0103----ba 101 $aita 102 $aIT 105 $a||||||||001yy 200 1 $a<> nuovo modello di amministrazione nella legge n.241/90 e nelle leggi Bassanini n. 59/97 e n.127/97$eaggiornato con al giurisprudenza dei TAR e del Consiglio di Stato al 31 dicembre 1997$fFrancesco Castiello 205 $a2 ed. 210 $aRimini$cMaggioli$d1998 215 $a443 p.$d24 cm 225 2 $aProgetto ente locale 410 $12001$aProgetto ente locale 606 0 $aProcedimento amministrativo 606 0 $aAmministrazione pubblica$xLegislazione 676 $a342.45066 700 1$aCASTIELLO,$bFrancesco$0173684 801 0$aIT$bsalbc$gISBD 912 $a990000471510203316 951 $aXXIV.3.L 71a (IG V 547)$b16882 G$cIG V$d00231414 959 $aBK 969 $aGIU 979 $aPATTY$b90$c20010525$lUSA01$h1626 979 $c20020403$lUSA01$h1655 979 $aPATRY$b90$c20040406$lUSA01$h1633 979 $aRSIAV4$b90$c20090610$lUSA01$h1138 996 $aNuovo modello di amministrazione nella legge n.241$9888791 997 $aUNISA LEADER 02928nam0 2200517 i 450 001 VAN0124128 005 20230704103110.804 017 70$2N$a9789811062650 100 $a20191008d2017 |0itac50 ba 101 $aeng 102 $aSG 105 $a|||| ||||| 200 1 $aRandom Ordinary Differential Equations and Their Numerical Solution$fXiaoying Han, Peter E. Kloeden 210 $aSingapore$cSpringer$d2017 215 $aXVII, 250 p.$cill.$d24 cm 410 1$1001VAN0103826$12001 $aProbability theory and stochastic modelling$1210 $aBerlin [etc.]$cSpringer$d1988-$v85 500 1$3VAN0235914$aRandom Ordinary Differential Equations and Their Numerical Solution$91562530 606 $a65Lxx$xNumerical methods for ordinary differential equations [MSC 2020]$3VANC020052$2MF 606 $a60H10$xStochastic ordinary differential equations [MSC 2020]$3VANC020682$2MF 606 $a92-XX$xBiology and other natural sciences [MSC 2020]$3VANC020839$2MF 606 $a60H30$xApplications of stochastic analysis (to PDEs, etc.) [MSC 2020]$3VANC021490$2MF 606 $a65L05$xNumerical methods for initial value problems [MSC 2020]$3VANC023029$2MF 606 $a65L06$xMultistep, Runge-Kutta and extrapolation methods for ordinary differential equations [MSC 2020]$3VANC023032$2MF 606 $a65L20$xStability and convergence of numerical methods for ordinary differential equations [MSC 2020]$3VANC023036$2MF 606 $a37H10$xGeneration, random and stochastic difference and differential equations [MSC 2020]$3VANC024606$2MF 606 $a34Fxx$xOrdinary differential equations and systems with randomness [MSC 2020]$3VANC028778$2MF 606 $a60H35$xComputational methods for stochastic equations (aspects of stochastic analysis) [MSC 2020]$3VANC031116$2MF 610 $aBiological sciences$9KW:K 610 $aLife Sciences$9KW:K 610 $aNumerical Schemes for RODEs$9KW:K 610 $aOrdinary differential equations$9KW:K 610 $aRandom Dynamical Systems$9KW:K 610 $aStochastic Ordinary Differential Equations$9KW:K 610 $aTaylor expansions for ODEs and SODEs$9KW:K 620 $aSG$dSingapore$3VANL000061 700 1$aHan$bXiaoying$3VANV088531$0755831 701 1$aKloeden$bPeter E.$3VANV052120$021624 712 $aSpringer $3VANV108073$4650 801 $aIT$bSOL$c20240614$gRICA 856 4 $uhttp://doi.org/10.1007/978-981-10-6265-0$zE-book ? Accesso al full-text attraverso riconoscimento IP di Ateneo, proxy e/o Shibboleth 899 $aBIBLIOTECA DEL DIPARTIMENTO DI MATEMATICA E FISICA$1IT-CE0120$2VAN08 912 $fN 912 $aVAN0124128 950 $aBIBLIOTECA DEL DIPARTIMENTO DI MATEMATICA E FISICA$d08CONS e-book 0867 $e08eMF867 20191008 996 $aRandom Ordinary Differential Equations and Their Numerical Solution$91562530 997 $aUNICAMPANIA